00618nam a2200169Ia 4500008004100000020001500041041000800056082001600064100001700080245010000097250000600197260003900203300001200242650003900254999001900293952013600312210716s2007 xx 000 0 und d a813171490X aeng a004.22 ERLT aErl, Thomas. aService oriented architecture: concepts technology and design.bConcepts technology and design. a1 aNew DelhibPearson Educationc2007 axxv,760 aComputer Architecture/Organization c188469d188469 001040708MCAaAIMITbAIMITeHigginbothams Pvt Ltdg599.00l0o004.22 ERLTpMCA07977r2025-07-21 00:00:00v479.20w2021-07-16yBK